00881nam a22002057a 45000010005000000030006000050050017000110080041000280200017000690400030000860500009001160820011001251000015001362450040001512600035001913000047002264900012002735200357002856500033006424201FISKH20250820124019.0240627b cb ||||| |||| 00| 0 eng d a708431211797 aFISKHbengcFISKHdFISKH  aPZ7  a741.5  aAnonymous  aBen 10 : b"Wanted : Kevin Levin" / aOntario : bLeap Frog, c1999. a26 pages : bcolor illustrations ; c24 cm aBen 10  aEver since Kevin used his powers to move a meteorite, he's been acting strangely. When he is captured by the alien bounty hunter Seven Seven, it's up to Ben and Gwen to rescue him and get to the bottom of this mystery before it's too late. Teaches logic and reasoning, literary analysis and critical thinking, reading comprehension and memory skills.  aGraphic vChildren's Fiction